000 00604nam a2200229Ia 4500
005 20241129120200.0
008 241129s9999||||xx |||||||||||||| ||und||
020 _a9781319383039
037 _aTB
040 _aSDCL
_beng
_cSDCL
041 _aeng
_2eng
084 _aX, R1
_qSDCL
100 _aCowen Tyler; Tabarrok Alex
245 0 _aModern principles of economics
250 _a5th
260 _aNew York
_bMacmillan
_c2021
300 _axxxii,852p.+ V. P.
365 _aGBP
_b59.99
650 _aBusiness Economics and Finance
942 _cTB
_hX, R1
999 _c1233693
_d1233693